Las formas del ideal artístico / (Record no. 57276)
[ view plain ]
| 000 -LEADER | |
|---|---|
| campo de control de longitud fija | 00429nam a2200157 i 4500 |
| 001 - NÚMERO DE CONTROL | |
| campo de control | 57276 |
| 003 - IDENTIFICADOR DE NÚMERO DE CONTROL | |
| campo de control | ES-MaACL |
| 005 - FECHA Y HORA DE LA ÚLTIMA TRANSACCIÓN | |
| campo de control | 20230906163539.0 |
| 007 - CAMPO FIJO DE DESCRIPCIÓN FÍSICA--INFORMACIÓN GENERAL | |
| campo de control de longitud fija | t| |
| 008 - DATOS DE LONGITUD FIJA--INFORMACIÓN GENERAL | |
| campo de control de longitud fija | 031015s1932 sp ||||1| spa d |
| 100 1# - ENTRADA PRINCIPAL--NOMBRE DE PERSONA | |
| Nombre de persona | Domenech, Jaime. |
| 9 (RLIN) | 45076 |
| 245 13 - MENCIÓN DEL TÍTULO | |
| Título | Las formas del ideal artístico / |
| Mención de responsabilidad, etc. | Jaime Domenech. |
| 260 ## - PUBLICACIÓN, DISTRIBUCIÓN, ETC. | |
| Lugar de publicación, distribución, etc. | Madrid : |
| Nombre del editor, distribuidor, etc. | J. M. Yagües, |
| Fecha de publicación, distribución, etc. | 1932 ( |
| Fabricante | Galo Saez) |
| 300 ## - DESCRIPCIÓN FÍSICA | |
| Extensión | 228 p. ; |
| Dimensiones | 18 cm. |
| 852 ## - LOCALIZACIÓN | |
| Ubicación | ES-MaACL |
| Número de control de estantería | A-1148 |
| Estatus retirado | Estado de pérdida | Estado de daño | No para préstamo | Biblioteca de origen | Biblioteca actual | Ubicación en estantería | Fecha de adquisición | Fuente de adquisición | Total de préstamos | Signatura topográfica completa | Código de barras | Visto por última vez | Precio de reemplazo | Tipo de ítem Koha |
|---|---|---|---|---|---|---|---|---|---|---|---|---|---|---|
| Biblioteca del Ateneo de Madrid | Biblioteca del Ateneo de Madrid | Sala Pecera Planta 1 | 17/01/2008 | A-1148 | 1060137 | 23/02/2023 | 23/02/2023 | Libro impreso |
